000
00260nam a2200097Ia 4500
008
231107s1993 xx 000 0 und d
041
_a
eng
100
_a
Rand,Ayn
245
_a
The New Left:The Anti-Industrial Revolution
260
_a
New York
_b
Penguin Book
_c
1993
999
_c
921398
_d
921398